[Event "Pfalz-ch Seniors 86th"]
[Site "Wolfstein"]
[Date "2017.04.15"]
[Round "7"]
[White "Momberg, Guenter"]
[Black "Rheinheimer, Dieter"]
[Result "0-1"]
[WhiteElo "1520"]
[BlackElo "1451"]
[PlyCount "64"]
[EventDate "2017.04.07"]
[EventType "swiss"]
[EventRounds "7"]
[EventCountry "GER"]
[SourceTitle "EXT 2018"]
[Source "ChessBase"]
[SourceDate "2017.10.13"]
[SourceVersion "1"]
[SourceVersionDate "2017.10.13"]
[SourceQuality "1"]

1. d4 d5 2. c4 dxc4 3. Nc3 c6 4. e3 b5 5. a4 b4 6. Na2 b3 7. Nc3 Ba6 8. Nf3 e6 9. Ne5 Bb4 10. Bd2 Bxc3 11. Bxc3 Qd5 12. f3 Nf6 13. Bb4 c3 14. Bxc3 Bxf1 15. Rxf1 0-0 16. Ra3 c5 17. dxc5 Qxc5 18. Rxb3 Nd5 19. Bd4 Qa5+ 20. Kf2 Qxa4 21. Ra3 Qb5 22. Rxa7 Rxa7 23. Bxa7 Qxb2+ 24. Qe2 Qxe5 25. Qb5 Qc7 26. Ra1 Qc2+ 27. Kg3 Nc6 28. Bc5 Nce7 29. Rb1 h6 30. e4 Nc3 31. Qb2 Qxb2 32. Rxb2 Na4 0-1

[Event "Pfalz-ch Seniors 86th"]
[Site "Wolfstein"]
[Date "2017.04.10"]
[Round "4"]
[White "Rheinheimer, Dieter"]
[Black "Weidinger, Otwin"]
[Result "1-0"]
[WhiteElo "1451"]
[BlackElo "1406"]
[PlyCount "75"]
[EventDate "2017.04.07"]
[EventType "swiss"]
[EventRounds "7"]
[EventCountry "GER"]
[SourceTitle "EXT 2018"]
[Source "ChessBase"]
[SourceDate "2017.10.13"]
[SourceVersion "1"]
[SourceVersionDate "2017.10.13"]
[SourceQuality "1"]

1. e4 c6 2. c4 d5 3. cxd5 cxd5 4. Bb5+ Bd7 5. Qa4 a6 6. Bxd7+ Nxd7 7. exd5 Ngf6 8. Nc3 g6 9. Nf3 Bg7 10. d4 0-0 11. 0-0 Nb6 12. Qb3 Qc7 13. Be3 Rfd8 14. Rac1 Nc8 15. Na4 Qd7 16. Rc5 Ne4 17. Rc2 b5 18. Nc5 Qf5 19. Qd3 Ncd6 20. Nxe4 Nxe4 21. Rc7 Bf6 22. Rfc1 Qxd5 23. b3 Nd6 24. R7c5 Qe6 25. h3 Rdc8 26. d5 Qf5 27. Qxf5 gxf5 28. Rc6 Rd8 29. Bd4 Ne4 30. Rc7 Rxd5 31. Bxf6 Nxf6 32. g3 Kg7 33. R1c2 e6 34. Ng5 Rd7 35. Rxd7 Nxd7 36. Rc7 Ne5 37. Nxe6+ Kf6 38. Nc5 1-0